Aritmética i /

Guardado en:
Autor Principal: Alcántara, Lidia E.
Formato: Libro
Publicado: Buenos Aires : Estrada, 1959
Edición:5a. ed.
Materias:
Etiquetas: Agregar Etiqueta
Sin Etiquetas, Sea el primero en etiquetar este registro!
LEADER 00435nam a22001695a 4500
001 CEM.cems000404
005 20060210000000.0
008 130507s1959##################000#0#####d
003 CEMS
082 0 4 |a 511 
100 1 |a Alcántara, Lidia E. 
245 1 0 |a Aritmética i / 
250 |a 5a. ed. 
260 |a Buenos Aires :  |b Estrada,  |c 1959 
300 |a 258 
653 |a Matematica 
859 |a CEMS  |b BIB. CEMS - 11 de abril  |h 511  |i AL16a5/I  |p 3649.75  |t Ej.1